000 00209 a2200109 4500
020 _a9780153069659
041 _aspa
100 _aJones, Rebecca C.
245 _aMateo y Tili
942 _cBK
999 _c29730
_d29728
999 _d29728